000 00648nam a2200229Ia 4500
003 OSt
005 20220918215735.0
006 a|||||r|||| 00| 0
007 ta
008 220917b |||||||| |||| 00| 0 eng d
024 _a142,395
037 _cTextual
040 _aARTS
_cARTS
_beng
041 _2eng
_aeng
082 _aY12:4:5.73.N5, H8
100 _aCoyle Grace Longwell
_910792
245 0 _aGroup work with American youth
_b A guide to the practice of leadership.
260 _aNA
_bNA
_c1940
650 _aSOCIOLOGY
942 _hY12:4:5.73.N5, H8
_cTEXL
_2CC
999 _c265353
_d265353